<?xml version="1.0" encoding="UTF-8"?><?xml-stylesheet type="text/xsl" href="static/style.xsl"?><OAI-PMH xmlns="http://www.openarchives.org/OAI/2.0/" xmlns:xsi="http://www.w3.org/2001/XMLSchema-instance" xsi:schemaLocation="http://www.openarchives.org/OAI/2.0/ http://www.openarchives.org/OAI/2.0/OAI-PMH.xsd"><responseDate>2026-04-13T02:30:12Z</responseDate><request verb="GetRecord" identifier="oai:www.recercat.cat:10230/55353" metadataPrefix="marc">https://recercat.cat/oai/request</request><GetRecord><record><header><identifier>oai:recercat.cat:10230/55353</identifier><datestamp>2025-12-13T21:27:02Z</datestamp><setSpec>com_2072_6</setSpec><setSpec>col_2072_452952</setSpec></header><metadata><record xmlns="http://www.loc.gov/MARC21/slim" xmlns:dcterms="http://purl.org/dc/terms/" xmlns:xsi="http://www.w3.org/2001/XMLSchema-instance" xmlns:doc="http://www.lyncode.com/xoai" xsi:schemaLocation="http://www.loc.gov/MARC21/slim http://www.loc.gov/standards/marcxml/schema/MARC21slim.xsd">
   <leader>00925njm 22002777a 4500</leader>
   <datafield ind2=" " ind1=" " tag="042">
      <subfield code="a">dc</subfield>
   </datafield>
   <datafield ind2=" " ind1=" " tag="720">
      <subfield code="a">Franzoni, Federico</subfield>
      <subfield code="e">author</subfield>
   </datafield>
   <datafield ind2=" " ind1=" " tag="720">
      <subfield code="a">Daza, Vanesa</subfield>
      <subfield code="e">author</subfield>
   </datafield>
   <datafield ind2=" " ind1=" " tag="260">
      <subfield code="c">2023-01-20T07:51:53Z</subfield>
   </datafield>
   <datafield ind2=" " ind1=" " tag="260">
      <subfield code="c">2023-01-20T07:51:53Z</subfield>
   </datafield>
   <datafield ind2=" " ind1=" " tag="260">
      <subfield code="c">2022</subfield>
   </datafield>
   <datafield ind2=" " ind1=" " tag="520">
      <subfield code="a">Over the last decade, Bitcoin has revolutionized the global economic and technological landscape, inspiring a new generation of blockchain-based technologies. Its protocol is today among the most influential for cryptocurrencies and distributed networks. In particular, the P2P layer represents a reference point for all permissionless blockchains, which often implement its solutions in their network layer. Unfortunately, the Bitcoin network protocol lacks a strong security model, leaving it exposed to several threats. Attacks at this level can affect the reliability and trustworthiness of the consensus layer, mining the credibility of the whole system. It is therefore of utmost importance to properly understand and address the security of the Bitcoin P2P protocol. In this paper, we give a comprehensive and detailed overview of known network-level attacks in Bitcoin, as well as the countermeasures that have been implemented in the protocol. We propose a generic network adversary model, and propose an objective-based taxonomy of the attacks. Finally, we identify the core weaknesses of the protocol and study the relationship between different types of attack. We believe our contribution can help both new and experienced researchers have a broader and deeper understanding of the Bitcoin P2P network and its threats, and allow for a better modeling of its security properties.</subfield>
   </datafield>
   <datafield ind2=" " ind1=" " tag="520">
      <subfield code="a">This work was supported in part by AEI/FEDER, UE, under Project RTI2018-102112-B-I00.</subfield>
   </datafield>
   <datafield tag="653" ind2=" " ind1=" ">
      <subfield code="a">blockchain</subfield>
   </datafield>
   <datafield tag="653" ind2=" " ind1=" ">
      <subfield code="a">bitcoin P2P network</subfield>
   </datafield>
   <datafield tag="653" ind2=" " ind1=" ">
      <subfield code="a">bitcoin security</subfield>
   </datafield>
   <datafield tag="653" ind2=" " ind1=" ">
      <subfield code="a">survey</subfield>
   </datafield>
   <datafield ind2="0" ind1="0" tag="245">
      <subfield code="a">SoK: network-level attacks on the bitcoin P2P network</subfield>
   </datafield>
</record></metadata></record></GetRecord></OAI-PMH>